THE PRIMARY CURRICULUM (Record no. 20792)

MARC details
000 -LEADER
fixed length control field 00397nam a22001697a 4500
003 - CONTROL NUMBER IDENTIFIER
control field OSt
005 - DATE AND TIME OF LATEST TRANSACTION
control field 20211130152329.0
008 - FIXED-LENGTH DATA ELEMENTS--GENERAL INFORMATION
fixed length control field 211130b |||||||| |||| 00| 0 eng d
020 ## - INTERNATIONAL STANDARD BOOK NUMBER
International Standard Book Number 9781849205962
040 ## - CATALOGING SOURCE
Transcribing agency HU
082 ## - DEWEY DECIMAL CLASSIFICATION NUMBER
Classification number 372.942/PRI
100 ## - MAIN ENTRY--PERSONAL NAME
Personal name PATRICIA DESICOLL
9 (RLIN) 21138
245 ## - TITLE STATEMENT
Title THE PRIMARY CURRICULUM
260 ## - PUBLICATION, DISTRIBUTION, ETC.
Place of publication, distribution, etc. LONDON
Name of publisher, distributor, etc. SAGE
Date of publication, distribution, etc. 2012
300 ## - PHYSICAL DESCRIPTION
Extent 276P
942 ## - ADDED ENTRY ELEMENTS (KOHA)
Source of classification or shelving scheme Dewey Decimal Classification
Koha item type Books like text book referance book
Suppress in OPAC No
Holdings
Withdrawn status Lost status Source of classification or shelving scheme Damaged status Not for loan Home library Current library Shelving location Date acquired Total Checkouts Full call number Barcode Date last seen Copy number Price effective from Koha item type
    Dewey Decimal Classification     Social Library Social Library General Stacks 11/30/2021   372.942/PRI SHLIB00012351 11/30/2021 1 11/30/2021 Books like text book referance book
    Dewey Decimal Classification     Social Library Social Library General Stacks 11/30/2021   372.942/PRI SHLIB00012353 11/30/2021 2 11/30/2021 Books like text book referance book
    Dewey Decimal Classification     Social Library Social Library General Stacks 11/30/2021   372.942/PRI SHLIB00012354 11/30/2021 3 11/30/2021 Books like text book referance book